The art collector's guidebook / (Record no. 5823)

MARC details
000 -LEADER
fixed length control field 01443cam a2200373 a 4500
001 - CONTROL NUMBER
control field 12109835
003 - CONTROL NUMBER IDENTIFIER
control field OSt
005 - DATE AND TIME OF LATEST TRANSACTION
control field 20260429164604.0
008 - FIXED-LENGTH DATA ELEMENTS--GENERAL INFORMATION
fixed length control field 000412s1999 ph af bf 001 0 eng
010 ## - LIBRARY OF CONGRESS CONTROL NUMBER
LC control number 00280423
035 ## - SYSTEM CONTROL NUMBER
System control number 12109835
035 ## - SYSTEM CONTROL NUMBER
System control number (DLC) 00280423
037 ## - SOURCE OF ACQUISITION
Source of stock number/acquisition Library of Congress -- Jakarta Overseas Office
Terms of availability P2,300.00
040 ## - CATALOGING SOURCE
Original cataloging agency DLC
Transcribing agency Foundation University
042 ## - AUTHENTICATION CODE
Authentication code lcode
043 ## - GEOGRAPHIC AREA CODE
Geographic area code a-ph---
050 00 - LIBRARY OF CONGRESS CALL NUMBER
Classification number N 5284
Item number .D85 1999
100 1# - MAIN ENTRY--PERSONAL NAME
Personal name Duldulao, Manuel D.
9 (RLIN) 15728
245 14 - TITLE STATEMENT
Title The art collector's guidebook /
Statement of responsibility, etc. Manuel D. Duldulao.
250 ## - EDITION STATEMENT
Edition statement 1st ed.
260 ## - PUBLICATION, DISTRIBUTION, ETC.
Place of publication, distribution, etc. Quezon City, Metro Manila, Philippines :
Name of publisher, distributor, etc. Reyes Pub.,
Date of publication, distribution, etc. 1999.
264 ## - PRODUCTION, PUBLICATION, DISTRIBUTION, MANUFACTURE, AND COPYRIGHT NOTICE
Copyright Date 1999
300 ## - PHYSICAL DESCRIPTION
Extent 316 p., [88] p. of plates :
Other physical details ill. (some col.) ;
Dimensions 24 cm.
Materials specified books
Type of unit books
336 ## - CONTENT TYPE
Content type term text
Content type code txt
Source rdacontent
Materials specified books
337 ## - MEDIA TYPE
Media type term unmediated
Media type code n
Source rdamedia
Materials specified books
338 ## - CARRIER TYPE
Carrier type term volume
Carrier type code nc
Source rdacarrier
Materials specified books
504 ## - BIBLIOGRAPHY, ETC. NOTE
Bibliography, etc. note Includes bibliographical references (p. [302]-305) and index.
650 #0 - SUBJECT ADDED ENTRY--TOPICAL TERM
Topical term or geographic name entry element Art
General subdivision Collectors and collecting
Form subdivision Handbooks, manuals, etc.
9 (RLIN) 15729
650 #0 - SUBJECT ADDED ENTRY--TOPICAL TERM
Topical term or geographic name entry element Art
General subdivision Collectors and collecting
Geographic subdivision Philippines
Form subdivision Handbooks, manuals, etc.
9 (RLIN) 15730
906 ## - LOCAL DATA ELEMENT F, LDF (RLIN)
a 7
b cbc
c origode
d 3
e ncip
f 20
g y-gencatlg
942 ## - ADDED ENTRY ELEMENTS (KOHA)
Source of classification or shelving scheme Library of Congress Classification
Koha item type Books
Edition 1st ed.
Classification part N 5284
Item part .1999 D85
Call number prefix (DAFA-FA)
Holdings
Withdrawn status Lost status Source of classification or shelving scheme Damaged status Not for loan Collection code Home library Current library Shelving location Date acquired Source of acquisition Total Checkouts Full call number Barcode Date last seen Price effective from Koha item type Accession Number
    Library of Congress Classification     Non-fiction Foundation University Library Foundation University Library DoArchitecture & Fine Arts 04/29/2026 Donations   (DAFA-FA) N 5284 .1999 D85 0192026003269 04/29/2026 04/29/2026 Books DAFA-2026269